[Event "Ostsjaellands EMT 2008"]
[Site "Faxe"]
[Date "2008.04.30"]
[Round "5"]
[White "Wehlast, Svend Erik"]
[Black "Nielsen, Poul Erik2"]
[Result "1-0"]
[WhiteElo "1427"]
[BlackElo "1255"]
[PlyCount "85"]
[EventDate "2008.03.26"]

1. d4 e6 2. c4 c6 3. Nc3 d5 4. c5 Be7 5. Nf3 Nf6 6. Bf4 Nbd7 7. e3 O-O 8. h3 b6
9. b4 bxc5 10. bxc5 Qa5 11. Qd2 Ba6 12. Be2 Bxe2 13. Nxe2 Bd8 14. O-O Ne4 15.
Qxa5 Bxa5 16. Rab1 Ndf6 17. Rb7 h6 18. Rfb1 g5 19. Bd6 Nxd6 20. cxd6 Ne4 21.
Ne5 Nxd6 22. Rd7 Nc8 23. Nxc6 Bb6 24. Nc3 f5 25. a4 Rf7 26. Rxf7 Kxf7 27. a5
Bxa5 28. Nxa5 Nb6 29. Nb5 Kf6 30. Rc1 Rc8 31. Rxc8 Nxc8 32. f4 a6 33. Nc7 Nb6
34. Nxa6 Nc4 35. Nxc4 dxc4 36. g3 Ke7 37. Kf2 Kd6 38. Nb4 gxf4 39. gxf4 Kc7 40.
Ke2 Kb6 41. Kd2 Kb5 42. Kc3 h5 43. h4 1-0

[Event "Ostsjaellands EMT 2008"]
[Site "Faxe"]
[Date "2008.04.30"]
[Round "5"]
[White "Nielsen, Johannes"]
[Black "Joost, Kjeld"]
[Result "0-1"]
[WhiteElo "1005"]
[BlackElo "1419"]
[PlyCount "34"]
[EventDate "2008.03.26"]

1. e4 e5 2. Nf3 Nc6 3. Bc4 Nd4 4. Nxd4 exd4 5. d3 c6 6. c3 Bc5 7. b4 Bb6 8. Bb2
Qf6 9. Qe2 d6 10. h3 Ne7 11. Bb3 O-O 12. O-O Ng6 13. c4 Nf4 14. Qd2 Qg5 15. f3
Bxh3 16. Kh2 Bxg2 17. Rf2 Qh4+ 0-1

[Event "Ostsjaellands EMT 2008"]
[Site "Faxe"]
[Date "2008.04.30"]
[Round "5"]
[White "Christoffersen, Ib"]
[Black "Olsen, Michael2"]
[Result "1-0"]
[WhiteElo "1353"]
[BlackElo "1251"]
[PlyCount "51"]
[EventDate "2008.03.26"]

1. d4 d5 2. Nf3 Nc6 3. Nc3 Nf6 4. a3 h6 5. Bf4 e6 6. e3 a6 7. Bd3 Bd6 8. O-O
Bxf4 9. exf4 O-O 10. Ne2 Ne7 11. Ng3 b6 12. h3 c5 13. c3 c4 14. Bb1 Qc7 15. Ne5
Nc6 16. Qc2 Nxe5 17. fxe5 Ne4 18. Nxe4 dxe4 19. Qxe4 g6 20. Qe3 Kg7 21. Be4 Bb7
22. Rae1 f6 23. Qg3 Bxe4 24. exf6+ Kg8 25. Qxc7 Bd3 26. Qg7# 1-0

[Event "Ostsjaellands EMT 2008"]
[Site "Faxe"]
[Date "2008.04.30"]
[Round "5"]
[White "Andersen, Hans Poul"]
[Black "Voigt, Keld"]
[Result "1-0"]
[WhiteElo "1280"]
[BlackElo "1202"]
[PlyCount "97"]
[EventDate "2008.03.26"]

1. e4 d6 2. h3 Nc6 3. d3 e5 4. Nf3 Be7 5. Be2 f5 6. exf5 Bxf5 7. O-O e4 8. Nfd2
exd3 9. Bxd3 Bxd3 10. cxd3 Nf6 11. Nf3 O-O 12. Be3 Kh8 13. Nc3 a6 14. a3 Nd7
15. d4 Bf6 16. Nd5 Nb6 17. Nxb6 cxb6 18. Rb1 b5 19. b4 Ne7 20. Ng5 Bxg5 21.
Bxg5 Rf5 22. Qg4 g6 23. Rbe1 Rxg5 24. Qxg5 Nf5 25. Qd2 Qh4 26. Qc3 Qxd4 27.
Qxd4+ Nxd4 28. Re7 Rb8 29. Rd1 Nf5 30. Re6 b6 31. g4 Nh4 32. Rexd6 a5 33. Rd8+
Rxd8 34. Rxd8+ Kg7 35. Rd3 g5 36. bxa5 bxa5 37. Rb3 b4 38. axb4 axb4 39. Rxb4
Nf3+ 40. Kg2 Ne1+ 41. Kg3 h6 42. Rb6 Kh7 43. h4 gxh4+ 44. Kxh4 Ng2+ 45. Kg3 Ne1
46. f4 Nc2 47. f5 Nd4 48. Rb7+ Kg8 49. Kh4 1-0

[Event "Ostsjaellands EMT 2008"]
[Site "Faxe"]
[Date "2008.04.30"]
[Round "5"]
[White "Eriksen, Knud Ejler"]
[Black "Jepsen, Finn"]
[Result "1/2-1/2"]
[WhiteElo "1158"]
[BlackElo "1183"]
[PlyCount "70"]
[EventDate "2008.03.26"]

1. e4 c5 2. Nf3 d6 3. c3 g6 4. Bc4 e6 5. d3 Bg7 6. Be3 Ne7 7. Nbd2 O-O 8. O-O
d5 9. exd5 exd5 10. Bb3 d4 11. cxd4 cxd4 12. Bg5 Nbc6 13. a3 Kh8 14. Rc1 f6 15.
Bh4 Bh6 16. h3 Nf5 17. Rc2 Nxh4 18. Nxh4 Qd6 19. Ne4 Qd8 20. Re1 f5 21. Nc5
Qxh4 22. Rce2 Qf6 23. Qc2 f4 24. Bd5 f3 25. Bxf3 Bxh3 26. Ne4 Qf4 27. Nc5 Bg4
28. Re4 Qf7 29. Rxg4 Bg7 30. Ne6 Ne5 31. Rxe5 Bxe5 32. Nxf8 Rxf8 33. Qd1 b6 34.
Qe2 Qf6 35. Bd5 Bd6 1/2-1/2

[Event "Ostsjaellands EMT 2008"]
[Site "Faxe"]
[Date "2008.05.05"]
[Round "5"]
[White "Andersen, Bjarne Hjorth"]
[Black "Christoffersen, Per"]
[Result "1-0"]
[WhiteElo "1846"]
[BlackElo "1518"]
[PlyCount "109"]
[EventDate "2008.03.26"]

1. e4 e6 2. d4 d5 3. Nd2 c5 4. exd5 Qxd5 5. Ngf3 cxd4 6. Bc4 Qd6 7. O-O Nf6 8.
Nb3 Nc6 9. Nbxd4 Nxd4 10. Nxd4 Be7 11. c3 O-O 12. Qf3 Qb6 13. Bf4 Bd7 14. Rfe1
Rac8 15. Qe2 Qc5 16. Bb3 Rfe8 17. Rad1 Nd5 18. Bg3 Bf6 19. Qh5 Nb6 20. Qf3 Bc6
21. Nxc6 Qxc6 22. Qg4 Rcd8 23. h4 Rxd1 24. Rxd1 Rd8 25. Rxd8+ Bxd8 26. Be5 g6
27. h5 Qc5 28. Bb8 Nd7 29. hxg6 hxg6 30. Bxe6 Nf8 31. Bb3 Bb6 32. Qf3 Qe7 33.
Kf1 Ne6 34. Be5 Nc5 35. Bf6 Qe4 36. Qxe4 Nxe4 37. Bd4 Bxd4 38. cxd4 Nd2+ 39.
Ke2 Nxb3 40. axb3 Kf8 41. Kd3 Ke7 42. Kc4 Kd6 43. b4 Kc6 44. b5+ Kd6 45. f4 b6
46. g4 Ke6 47. g5 Kd6 48. d5 Ke7 49. Kd4 f6 50. gxf6+ Kxf6 51. Ke4 Kf7 52. Ke5
Ke7 53. d6+ Kf7 54. Kd5 Ke8 55. Kc6 1-0

[Event "Ostsjaellands EMT 2008"]
[Site "Faxe"]
[Date "2008.05.07"]
[Round "6"]
[White "Refsgaard, Kaj"]
[Black "Christensen, Lars (1957)"]
[Result "0-1"]
[WhiteElo "1645"]
[BlackElo "1966"]
[PlyCount "84"]
[EventDate "2008.03.26"]

1. d4 Nf6 2. Bg5 c5 3. Bxf6 gxf6 4. Nf3 Qb6 5. b3 cxd4 6. Qxd4 Qxd4 7. Nxd4 Nc6
8. Nxc6 bxc6 9. Nd2 f5 10. e3 Bg7 11. Rd1 a5 12. a4 d6 13. Be2 Be6 14. O-O h5
15. Bf3 Kd7 16. Be2 h4 17. h3 Bf6 18. e4 Rhg8 19. Kh1 Bc3 20. Bf3 Bxd2 21. Rxd2
fxe4 22. Bxe4 Rab8 23. Re1 Rb4 24. Bd3 Bd5 25. f3 e5 26. Bf5+ Ke7 27. Rde2 Rgb8
28. Be4 Ke6 29. f4 Bxe4 30. Rxe4 f5 31. Rxb4 Rxb4 32. fxe5 dxe5 33. Kg1 c5 34.
Re3 f4 35. Rc3 Kd5 36. Rd3+ Rd4 37. Rc3 e4 38. Kf2 Rb4 39. g4 hxg3+ 40. Kg2 Kd4
41. Rc4+ Rxc4 42. bxc4 Ke5 0-1

[Event "Ostsjaellands EMT 2008"]
[Site "Faxe"]
[Date "2008.05.07"]
[Round "6"]
[White "Christoffersen, Per"]
[Black "Lindskov, Villy"]
[Result "1/2-1/2"]
[WhiteElo "1518"]
[BlackElo "1868"]
[PlyCount "57"]
[EventDate "2008.03.26"]

1. d4 Nf6 2. Nf3 e6 3. e3 c5 4. b3 d5 5. Bd3 Nc6 6. Bb2 cxd4 7. exd4 Bd6 8. Ne5
O-O 9. O-O Nb4 10. f4 Nxd3 11. Qxd3 Ne4 12. Qd1 f6 13. Nd3 b6 14. Nd2 f5 15.
Rf3 Bd7 16. Rh3 Be8 17. Nf3 Rf6 18. Nfe5 Rh6 19. Rxh6 gxh6 20. Qe2 Rc8 21. c4
Rc7 22. cxd5 exd5 23. Rc1 Rxc1+ 24. Nxc1 Qc7 25. Qd3 Kg7 26. Ne2 Bd7 27. Nc3
Nxc3 28. Qg3+ Kf8 29. Qxc3 1/2-1/2

[Event "Ostsjaellands EMT 2008"]
[Site "Faxe"]
[Date "2008.05.07"]
[Round "6"]
[White "Sorensen, Soren"]
[Black "Eckert, Svend"]
[Result "0-1"]
[WhiteElo "1866"]
[BlackElo "1543"]
[PlyCount "106"]
[EventDate "2008.03.26"]

1. e4 e6 2. f4 f5 3. exf5 exf5 4. Nf3 Nf6 5. Be2 Be7 6. O-O O-O 7. d4 d6 8. c4
Ne4 9. Qb3 Kh8 10. Nc3 c6 11. Be3 Nd7 12. Rae1 Ndf6 13. Bd3 Nxc3 14. Qxc3 Ne4
15. Qc2 d5 16. c5 Be6 17. b4 a6 18. a4 Bf6 19. Ne5 Bxe5 20. dxe5 Qd7 21. Rf3
Rad8 22. Bd4 h6 23. Rh3 Kh7 24. Ree3 g5 25. fxg5 Nxg5 26. Rh5 Rg8 27. Rg3 Ne4
28. Rgh3 Rg6 29. Be3 f4 30. Rxh6+ Rxh6 31. Rxh6+ Kxh6 32. Bxf4+ Kg7 33. Qc1 Rg8
34. Qe3 Qf7 35. Be2 Qf5 36. g4 Qg6 37. h3 Rf8 38. Kg2 Kf7 39. Bh6 Rg8 40. Qf3+
Ke7 41. Qe3 Ng5 42. Bxg5+ Qxg5 43. Qg3 Rh8 44. b5 axb5 45. axb5 d4 46. bxc6
bxc6 47. Qa3 Bd5+ 48. Kg1 Qe3+ 49. Qxe3 dxe3 50. Kh2 Ke6 51. Kg3 Kxe5 52. h4
Kd4 53. g5 Kxc5 0-1

[Event "Ostsjaellands EMT 2008"]
[Site "Faxe"]
[Date "2008.05.07"]
[Round "6"]
[White "Wehlast, Svend Erik"]
[Black "Eriksen, Keld"]
[Result "1/2-1/2"]
[WhiteElo "1427"]
[BlackElo "1695"]
[PlyCount "76"]
[EventDate "2008.03.26"]

1. d4 e5 2. e3 e4 3. c4 c6 4. Bd2 d5 5. c5 Nf6 6. Be2 Bf5 7. h3 Be7 8. b4 O-O
9. Nc3 Nbd7 10. a4 b6 11. a5 bxc5 12. bxc5 Qc7 13. g4 Bg6 14. g5 Ne8 15. h4 f6
16. Nh3 fxg5 17. Nxg5 Bf5 18. Bg4 Bxg5 19. hxg5 g6 20. Bxf5 Rxf5 21. Qg4 Ng7
22. Ne2 Raf8 23. Nf4 R8f7 24. Qh4 Nh5 25. Nxh5 gxh5 26. Qxh5 Nf8 27. Qh2 Qxh2
28. Rxh2 Rxg5 29. Ke2 Rb7 30. Rah1 Rb2 31. Rh6 Rg6 32. R6h5 Kg7 33. Re5 Ne6 34.
Rh3 Ng5 35. Re7+ Kf6 36. Rhxh7 Nxh7 37. Rxh7 Rg7 38. Rh6+ Rg6 1/2-1/2

[Event "Ostsjaellands EMT 2008"]
[Site "Faxe"]
[Date "2008.05.07"]
[Round "6"]
[White "Johannsen, Bjorn"]
[Black "Andersen, Hans E"]
[Result "1-0"]
[WhiteElo "1573"]
[BlackElo "1512"]
[PlyCount "101"]
[EventDate "2008.03.26"]

1. d4 g6 2. c3 Bg7 3. Bf4 d6 4. e3 Nc6 5. Bd3 Nf6 6. Nf3 O-O 7. Qc2 Re8 8. Bg5
Qd7 9. h3 e5 10. Bxf6 Bxf6 11. d5 Ne7 12. e4 c6 13. c4 a6 14. Nc3 b5 15. dxc6
Nxc6 16. cxb5 Nd4 17. Nxd4 exd4 18. Nd5 Qd8 19. Nc7 Bb7 20. Nxe8 Qxe8 21. bxa6
Bxa6 22. Bxa6 Rxa6 23. Qd3 Rb6 24. O-O Rxb2 25. Rfb1 Qb8 26. a4 Rxb1+ 27. Rxb1
Qa8 28. Ra1 Qa5 29. Kf1 d5 30. exd5 Qxd5 31. a5 Be7 32. a6 Bc5 33. Ra5 Qc6 34.
a7 Bxa7 35. Rxa7 Qc1+ 36. Ke2 Qb2+ 37. Kf3 Qb6 38. Ra8+ Kg7 39. Ra3 Qc5 40. g3
Qd5+ 41. Qe4 Qc5 42. Rd3 Qh5+ 43. Kg2 Qc5 44. Qxd4+ Qxd4 45. Rxd4 Kf6 46. Kf3
h5 47. Rd5 Ke6 48. Ke4 f5+ 49. Kd4 g5 50. f4 g4 51. h4 1-0

[Event "Ostsjaellands EMT 2008"]
[Site "Faxe"]
[Date "2008.05.07"]
[Round "6"]
[White "Hansen, Borge"]
[Black "Jepsen, Finn"]
[Result "1-0"]
[WhiteElo "1554"]
[BlackElo "1183"]
[PlyCount "110"]
[EventDate "2008.03.26"]

1. e4 c5 2. Nf3 d6 3. h3 g6 4. Bc4 e6 5. a3 Bg7 6. c3 Ne7 7. O-O O-O 8. d3 b6
9. Bg5 h6 10. Be3 Bb7 11. Nh2 d5 12. exd5 exd5 13. Bb3 d4 14. cxd4 cxd4 15. Bf4
Nd5 16. Bg3 Nc6 17. Nd2 Nf6 18. Nhf3 Nh5 19. Bh2 Nf6 20. Nc4 Na5 21. Nxa5 bxa5
22. Bc4 Nd5 23. Re1 Nb6 24. Ba2 Bd5 25. Bxd5 Qxd5 26. Qd2 a4 27. Bf4 g5 28. Be5
Bxe5 29. Rxe5 Qd6 30. Re4 Rad8 31. Rxd4 Qf6 32. Rxd8 Rxd8 33. d4 Nd5 34. Qa5
Nf4 35. Kh2 Qd6 36. Qe5 Nd3 37. Qxd6 Rxd6 38. Kg3 Nf4 39. Rd1 f5 40. Rd2 Nh5+
41. Kh2 g4 42. hxg4 fxg4 43. Ne5 Nf4 44. Nxg4 Rg6 45. f3 h5 46. Ne5 Rg7 47. d5
h4 48. d6 Ne6 49. d7 Nd8 50. Rd4 Re7 51. f4 Kg7 52. Rxa4 Kf6 53. Rxa7 Re6 54.
Ra8 Ke7 55. b4 Rd6 1-0

[Event "Ostsjaellands EMT 2008"]
[Site "Faxe"]
[Date "2008.05.07"]
[Round "6"]
[White "Hansen, Egon"]
[Black "Jakobsen, Henning"]
[Result "1-0"]
[WhiteElo "1490"]
[BlackElo "1246"]
[PlyCount "121"]
[EventDate "2008.03.26"]

1. e4 c5 2. f4 d6 3. Nc3 Nf6 4. Nf3 Bg4 5. Be2 Nc6 6. d3 e5 7. fxe5 dxe5 8. Rb1
Be7 9. Be3 O-O 10. O-O h6 11. Qd2 Bxf3 12. Rxf3 Ng4 13. Nd5 Nxe3 14. Nxe7+ Qxe7
15. Rxe3 Qg5 16. Rf1 Nd4 17. c3 Nc2 18. Rf5 Qxe3+ 19. Qxe3 Nxe3 20. Rxe5 b6 21.
Kf2 f6 22. Rh5 Nc2 23. Bd1 Na1 24. Ke3 Kh7 25. Rf5 g6 26. Rf1 Rad8 27. Ba4 Rd6
28. Rxa1 a6 29. Bb3 Rfd8 30. Bd5 f5 31. Rf1 Re8 32. c4 b5 33. Kd2 bxc4 34. Bxc4
fxe4 35. Rf7+ Kh8 36. Rc7 e3+ 37. Ke2 Re5 38. Rf7 Rf5 39. Rxf5 gxf5 40. Kxe3
Kg7 41. Kf4 Kf6 42. g3 Rd4+ 43. Ke3 a5 44. a3 Kg5 45. Kf3 h5 46. Bb5 h4 47. Bc4
hxg3 48. hxg3 f4 49. gxf4+ Rxf4+ 50. Ke3 Rd4 51. Kd2 Rg4 52. Kc3 Kf6 53. Kb3
Rg2 54. Ka4 Rxb2 55. Kxa5 Ke5 56. a4 Kd4 57. Bb5 Rb3 58. Kb6 Rb4 59. a5 Rb2 60.
a6 Kd5 61. a7 1-0

[Event "Ostsjaellands EMT 2008"]
[Site "Faxe"]
[Date "2008.05.07"]
[Round "6"]
[White "Nielsen, Harald"]
[Black "Hansen, Arne Mandrup"]
[Result "1-0"]
[WhiteElo "1444"]
[BlackElo "1307"]
[PlyCount "96"]
[EventDate "2008.03.26"]

1. e4 d5 2. exd5 Qxd5 3. Nc3 Qa5 4. d3 Nf6 5. Be2 Nc6 6. Bd2 e5 7. a3 Be7 8. b4
Qb6 9. Be3 Nd4 10. Nf3 Qd6 11. Ne4 Nxe4 12. dxe4 Nxe2 13. Qxe2 Bg4 14. Qb5+ Qc6
15. Qxc6+ bxc6 16. Nxe5 Bf6 17. Bd4 Bxe5 18. Bxe5 O-O 19. f3 Be6 20. Bxc7 Bc4
21. Kf2 Rfe8 22. Rhd1 Re7 23. Bf4 a6 24. Rd4 Be6 25. Rd6 Rc8 26. Be3 Rb7 27.
Rad1 h6 28. Rd8+ Rxd8 29. Rxd8+ Kh7 30. Rd1 Bc4 31. Bc5 Be6 32. c3 g5 33. g4
Kg6 34. Rh1 Rd7 35. Bd4 h5 36. gxh5+ Kxh5 37. Kg3 f5 38. exf5 Bxf5 39. Re1 Rh7
40. Rh1 Kg6 41. h4 Kh5 42. hxg5+ Kxg5 43. f4+ Kg6 44. Rxh7 Kxh7 45. Kf3 Kg6 46.
Ke3 Kf7 47. Be5 Ke6 48. Kd4 Kd7 1-0

[Event "Ostsjaellands EMT 2008"]
[Site "Faxe"]
[Date "2008.05.07"]
[Round "6"]
[White "Joost, Kjeld"]
[Black "Voigt, Keld"]
[Result "1-0"]
[WhiteElo "1419"]
[BlackElo "1202"]
[PlyCount "65"]
[EventDate "2008.03.26"]

1. e4 Nc6 2. d4 d5 3. e5 f6 4. Nf3 Bg4 5. Nc3 fxe5 6. dxe5 e6 7. Be2 Bxf3 8.
Bxf3 Nxe5 9. O-O Nf6 10. Re1 Bd6 11. b3 c6 12. Re3 Qc7 13. Be2 d4 14. Qxd4
O-O-O 15. Qxa7 Neg4 16. Rxe6 Bxh2+ 17. Kh1 Qd7 18. Rxf6 gxf6 19. Bxg4 Qxg4 20.
Kxh2 Rhg8 21. g3 Qf3 22. Qa8+ Kc7 23. Bf4+ Kd7 24. Qxb7+ Ke6 25. Re1+ Kf5 26.
Ne4 Rg4 27. Qxh7+ Rg6 28. Qh3+ Qg4 29. Qxg4+ Kxg4 30. Kg2 f5 31. f3+ Kh5 32.
Nc5 Rxg3+ 33. Kxg3 1-0

[Event "Ostsjaellands EMT 2008"]
[Site "Faxe"]
[Date "2008.05.07"]
[Round "6"]
[White "Nielsen, Poul Erik2"]
[Black "Christoffersen, Ib"]
[Result "1-0"]
[WhiteElo "1255"]
[BlackElo "1353"]
[PlyCount "135"]
[EventDate "2008.03.26"]

1. c4 Nf6 2. d4 d5 3. Nc3 e6 4. Nf3 Bb4 5. Bg5 h6 6. Bh4 g5 7. Bg3 Ne4 8. Qc2
Nc6 9. a3 Bxc3+ 10. bxc3 Nxg3 11. hxg3 f6 12. Qg6+ Kd7 13. cxd5 exd5 14. e3 a6
15. Bd3 Qe7 16. Rxh6 Rxh6 17. Qxh6 b5 18. Bf5+ Kd6 19. Bxc8 Rxc8 20. Nxg5 Rg8
21. Nf3 Qd8 22. Rd1 Kd7 23. Qh3+ Ke7 24. Qh7+ Kd6 25. Qf5 Rf8 26. Nh4 Ne7 27.
Qf4+ Kc6 28. Qf3 Qd6 29. Ra1 Kb7 30. Nf5 Nxf5 31. Qxf5 Qc6 32. Qc2 Rh8 33. Ke2
Qc4+ 34. Kf3 Qc6 35. a4 Qe8 36. axb5 axb5 37. Rb1 f5 38. Ke2 c6 39. Qxf5 Rf8
40. Qc2 Qh5+ 41. f3 Qh2 42. Kf2 Rg8 43. g4 Qh4+ 44. Ke2 Qh2 45. Rf1 Re8 46. Rf2
Qf4 47. Qd3 Qd6 48. f4 Ra8 49. Kf3 Qe7 50. g3 Rh8 51. Qf5 Rf8 52. Qe5 Qh7 53.
f5 Qh1+ 54. Ke2 Ra8 55. Qe7+ Kb6 56. Qc5+ Kb7 57. Qe7+ Kc8 58. Qe8+ Kb7 59.
Qxa8+ Kxa8 60. f6 Qe4 61. f7 Qxg4+ 62. Kf1 Qh3+ 63. Ke2 Qh5+ 64. Rf3 Qh2+ 65.
Rf2 Qh5+ 66. Kd2 Qh3 67. f8=Q+ Kb7 68. Rf7+ 1-0

[Event "Ostsjaellands EMT 2008"]
[Site "Faxe"]
[Date "2008.05.07"]
[Round "6"]
[White "Toftvang, Ove"]
[Black "Lillebro, Verner"]
[Result "0-1"]
[WhiteElo "1253"]
[BlackElo "1294"]
[PlyCount "80"]
[EventDate "2008.03.26"]

1. e4 c6 2. Nf3 d5 3. exd5 cxd5 4. d4 Nc6 5. Be2 g6 6. h3 Bg7 7. c3 Nf6 8. O-O
O-O 9. Nh2 Qd6 10. f4 Ne4 11. Qd3 Bf5 12. Qe3 a6 13. Bg4 e6 14. Bxf5 exf5 15.
b4 Rfe8 16. Qf3 Nd8 17. Nd2 Nxd2 18. Bxd2 Ne6 19. h4 Nc7 20. a4 b5 21. a5 Re4
22. Rae1 Rae8 23. Rxe4 dxe4 24. Qe3 Nd5 25. Qe1 Rc8 26. Qc1 Bxd4+ 27. Kh1 Rc4
28. Qa1 Bxc3 29. Bxc3 Nxc3 30. g3 Ne2 31. Kg2 Qd3 32. Qe1 h5 33. Nf3 exf3+ 34.
Rxf3 Qc2 35. Kh3 Qe4 36. Qf2 Rc1 37. Kh2 Nd4 38. Kg2 Qxf3+ 39. Qxf3 Nxf3 40.
Kxf3 Rc4 0-1

[Event "Ostsjaellands EMT 2008"]
[Site "Faxe"]
[Date "2008.05.07"]
[Round "6"]
[White "Andersen, Hans Poul"]
[Black "Eriksen, Knud Ejler"]
[Result "1/2-1/2"]
[WhiteElo "1280"]
[BlackElo "1158"]
[PlyCount "79"]
[EventDate "2008.03.26"]

1. e4 e5 2. Nf3 Nc6 3. a3 a6 4. Bc4 Bc5 5. O-O Nf6 6. d3 h6 7. h3 O-O 8. Nc3 d6
9. Be3 Ba7 10. Bxa7 Rxa7 11. b4 b5 12. Bb3 Bd7 13. d4 exd4 14. Nxd4 Nxd4 15.
Qxd4 Ra8 16. e5 dxe5 17. Qxe5 Re8 18. Qf4 c6 19. Rfe1 Re7 20. Qd6 Rxe1+ 21.
Rxe1 Qf8 22. Ne4 Nxe4 23. Qxf8+ Kxf8 24. Rxe4 Re8 25. Rxe8+ Kxe8 26. g4 g5 27.
f3 Ke7 28. Kf2 Kd6 29. Ke3 f5 30. Kd4 Bc8 31. c4 bxc4 32. Bxc4 f4 33. Bd3 Be6
34. Bxa6 Bb3 35. Be2 Ba4 36. Kc3 Ke5 37. Bd3 Bb5 38. Bxb5 cxb5 39. Kd3 Kd5 40.
Kc3 1/2-1/2

[Event "Ostsjaellands EMT 2008"]
[Site "Faxe"]
[Date "2008.05.07"]
[Round "6"]
[White "Olsen, Michael2"]
[Black "Nielsen, Johannes"]
[Result "1-0"]
[WhiteElo "1251"]
[BlackElo "1005"]
[PlyCount "63"]
[EventDate "2008.03.26"]

1. d4 d5 2. c4 dxc4 3. e4 c6 4. Bxc4 Be6 5. Bxe6 fxe6 6. Nf3 Nd7 7. O-O Qc7 8.
Nc3 e5 9. d5 Ngf6 10. Ng5 Qc8 11. f4 h6 12. Nh3 g5 13. fxg5 hxg5 14. Bxg5 Qc7
15. Kh1 O-O-O 16. Bxf6 Nxf6 17. Ng5 Qd7 18. Nf7 Bg7 19. Nxh8 Bxh8 20. Qf3 Kb8
21. Rad1 Qc7 22. dxc6 bxc6 23. Rxd8+ Qxd8 24. Rd1 Qc7 25. Qd3 Nd7 26. Qxd7 Qxd7
27. Rxd7 Bf6 28. Na4 Kc8 29. Rxa7 Kb8 30. Rd7 c5 31. Nxc5 Kc8 32. b4 1-0

[Event "Ostsjaellands EMT 2008"]
[Site "Faxe"]
[Date "2008.05.20"]
[Round "6"]
[White "Andersen, Bjarne Hjorth"]
[Black "Jensen, Leif"]
[Result "0-1"]
[WhiteElo "1846"]
[BlackElo "2004"]
[PlyCount "116"]
[EventDate "2008.03.26"]

1. e4 e6 2. d4 d5 3. exd5 exd5 4. Bd3 Bd6 5. Qf3 c6 6. Ne2 Qf6 7. Qxf6 Nxf6 8.
Bf4 Bxf4 9. Nxf4 O-O 10. O-O Re8 11. Nd2 Nbd7 12. Rfe1 Nf8 13. Rxe8 Nxe8 14.
Re1 Be6 15. c3 Nd6 16. f3 Re8 17. Kf2 f6 18. h4 Kf7 19. g3 g6 20. Nxe6 Rxe6 21.
Rxe6 Nxe6 22. Ke3 h6 23. f4 g5 24. hxg5 hxg5 25. Nf3 gxf4+ 26. gxf4 Ke7 27. Nh4
Nc7 28. Nf5+ Nxf5+ 29. Bxf5 Nb5 30. Bd3 Nd6 31. f5 b6 32. b4 b5 33. Kf4 Kf7 34.
Kf3 Kg7 35. Kf4 Kh6 36. Kg4 Nc8 37. Bc2 Nb6 38. Bb3 Kg7 39. Kf4 Kh7 40. Kf3 Nc8
41. Bc2 Nd6 42. Bd3 Kh6 43. Kg4 Ne4 44. Bxe4 dxe4 45. Kf4 e3 46. Kxe3 Kg5 47.
Ke4 Kg4 48. d5 cxd5+ 49. Kxd5 Kxf5 50. c4 bxc4 51. Kxc4 Ke4 52. a4 f5 53. b5 f4
54. a5 f3 55. b6 axb6 56. axb6 f2 57. b7 f1=Q+ 58. Kc5 Qf8+ 0-1

[Event "Ostsjaellands EMT 2008"]
[Site "Faxe"]
[Date "2008.05.21"]
[Round "7"]
[White "Christensen, Lars (1957)"]
[Black "Eckert, Svend"]
[Result "1-0"]
[WhiteElo "1966"]
[BlackElo "1543"]
[PlyCount "47"]
[EventDate "2008.03.26"]

1. e4 d6 2. f4 e5 3. Bc4 Nf6 4. Nc3 c6 5. Nf3 Nbd7 6. d4 Qc7 7. O-O Be7 8. a4
O-O 9. dxe5 dxe5 10. f5 Nc5 11. Qe2 Bd7 12. Kh1 a6 13. a5 Rab8 14. b4 Ncxe4 15.
Nxe4 Bxb4 16. Nxf6+ gxf6 17. Bh6 Bxf5 18. Nxe5 Bg6 19. Nxf7 Rxf7 20. Rxf6 Bc3
21. Rxg6+ hxg6 22. Rf1 Rbf8 23. Bxf8 Kxf8 24. Rxf7+ 1-0

[Event "Ostsjaellands EMT 2008"]
[Site "Faxe"]
[Date "2008.05.21"]
[Round "7"]
[White "Jensen, Leif"]
[Black "Sorensen, Soren"]
[Result "1-0"]
[WhiteElo "2004"]
[BlackElo "1866"]
[PlyCount "49"]
[EventDate "2008.03.26"]

1. e4 c5 2. c3 Nc6 3. g3 d6 4. Bg2 g6 5. d3 Bg7 6. f4 e5 7. Nf3 Nge7 8. O-O O-O
9. Na3 Rb8 10. Nc2 b5 11. Ne3 b4 12. Bd2 Ba6 13. Qc2 Qd7 14. Ng5 bxc3 15. bxc3
h6 16. Bh3 Qc7 17. f5 hxg5 18. f6 Bxf6 19. Rxf6 Kg7 20. Raf1 Ng8 21. Nd5 Nxf6
22. Nxc7 Bc8 23. Bxc8 Rfxc8 24. Nd5 Nh7 25. Rb1 1-0

[Event "Ostsjaellands EMT 2008"]
[Site "Faxe"]
[Date "2008.05.21"]
[Round "7"]
[White "Lindskov, Villy"]
[Black "Johannsen, Bjorn"]
[Result "1-0"]
[WhiteElo "1868"]
[BlackElo "1573"]
[PlyCount "59"]
[EventDate "2008.03.26"]

1. e4 c6 2. d4 d5 3. e5 e6 4. Nf3 Nd7 5. c3 Qb6 6. Bd3 c5 7. O-O h6 8. b3 Ne7
9. Be3 Nc6 10. a3 Be7 11. b4 c4 12. Bc2 a5 13. Nbd2 Qd8 14. b5 Ncb8 15. a4 O-O
16. Ne1 f5 17. exf6 Bxf6 18. f4 Kf7 19. Nef3 Rg8 20. Ne5+ Ke7 21. Bh7 Re8 22.
Qh5 Nf8 23. Bg6 Nxg6 24. Qxg6 Rf8 25. Qg3 Rg8 26. Ng6+ Kf7 27. Nf3 Nd7 28.
Nfe5+ Ke8 29. Bc1 Nf8 30. Ba3 1-0

[Event "Ostsjaellands EMT 2008"]
[Site "Faxe"]
[Date "2008.05.21"]
[Round "7"]
[White "Refsgaard, Kaj"]
[Black "Andersen, Bjarne Hjorth"]
[Result "1/2-1/2"]
[WhiteElo "1645"]
[BlackElo "1846"]
[PlyCount "81"]
[EventDate "2008.03.26"]

1. d4 Nf6 2. Bg5 e6 3. e3 c5 4. c3 cxd4 5. Bxf6 Qxf6 6. cxd4 Bb4+ 7. Nd2 O-O 8.
Ngf3 Nc6 9. Bd3 d5 10. O-O Bd7 11. Rc1 Rac8 12. Bb5 Bd6 13. Nb3 a6 14. Bd3 Nb4
15. Bb1 Bb5 16. Re1 Nc6 17. Nc5 Bxc5 18. Rxc5 Ne7 19. Qc2 g6 20. b3 Rxc5 21.
Qxc5 Rc8 22. Qd6 Nf5 23. Qf4 Qe7 24. a4 Be8 25. Bxf5 exf5 26. g3 f6 27. g4 fxg4
28. Qxg4 Bd7 29. Qg3 Kg7 30. Nd2 Rc2 31. Nf3 h5 32. Nh4 g5 33. f4 Kh6 34. fxg5+
fxg5 35. Nf3 h4 36. Qb8 Qe4 37. Qh8+ Qh7 38. Qf8+ Kh5 39. Qf6 Qg8 40. Ne5 Qh7
41. Qf3+ 1/2-1/2

[Event "Ostsjaellands EMT 2008"]
[Site "Faxe"]
[Date "2008.05.21"]
[Round "7"]
[White "Eriksen, Keld"]
[Black "Hansen, Egon"]
[Result "0-1"]
[WhiteElo "1695"]
[BlackElo "1490"]
[PlyCount "50"]
[EventDate "2008.03.26"]

1. e4 e5 2. d4 exd4 3. Nf3 Nc6 4. Bc4 Nf6 5. e5 d5 6. exd6 Bxd6 7. O-O O-O 8.
Bg5 Bg4 9. h3 Bh5 10. c3 Ne5 11. Be2 d3 12. Bxd3 Nxd3 13. g4 Bg6 14. Nh4 Bf4
15. Nxg6 hxg6 16. Bxf4 Nxf4 17. Qf3 g5 18. Na3 Qd5 19. Qxd5 N6xd5 20. c4 Nf6
21. Nb5 Nxh3+ 22. Kg2 Nf4+ 23. Kf3 Rfd8 24. Rad1 Rd3+ 25. Rxd3 Nxd3 0-1

[Event "Ostsjaellands EMT 2008"]
[Site "Faxe"]
[Date "2008.05.21"]
[Round "7"]
[White "Andersen, Hans E"]
[Black "Hansen, Borge"]
[Result "0-1"]
[WhiteElo "1512"]
[BlackElo "1554"]
[PlyCount "59"]
[EventDate "2008.03.26"]

1. e4 c5 2. Nc3 e5 3. Nf3 d6 4. Bc4 h6 5. h3 Nf6 6. d3 Be7 7. Be3 O-O 8. Qd2
Nc6 9. Nd5 Nxd5 10. Bxd5 Rb8 11. g4 Nd4 12. Nxd4 cxd4 13. Bxh6 gxh6 14. Qxh6
Bf6 15. Qg6+ Bg7 16. g5 Qe7 17. Qh5 Be6 18. g6 fxg6 19. Qxg6 Bxd5 20. exd5 Rf6
21. Qg3 Rbf8 22. Rh2 Qf7 23. Rg2 Kh7 24. Ke2 Qh5+ 25. Kf1 Bh6 26. Re1 Rf3 27.
Qg4 Qxh3 28. Qg6+ Kh8 29. Re2 Rxf2+ 30. Rexf2 0-1

[Event "Ostsjaellands EMT 2008"]
[Site "Faxe"]
[Date "2008.05.21"]
[Round "7"]
[White "Christoffersen, Per"]
[Black "Wehlast, Svend Erik"]
[Result "0-1"]
[WhiteElo "1518"]
[BlackElo "1427"]
[PlyCount "70"]
[EventDate "2008.03.26"]

1. d4 d5 2. Nf3 h6 3. c4 e6 4. Nc3 Nf6 5. e3 a6 6. c5 b6 7. Qa4+ Bd7 8. Bb5 c6
9. Bd3 bxc5 10. dxc5 Bxc5 11. Bd2 O-O 12. Rc1 Bd6 13. Qh4 Be7 14. Qg3 Bb4 15.
e4 Bxc3 16. Bxc3 dxe4 17. Bxe4 Nh5 18. Qe5 Nf6 19. g4 Ne8 20. Qc5 Nf6 21. Bxf6
Qxf6 22. Bh7+ Kxh7 23. Qxf8 Qxf3 24. Rg1 Qe4+ 25. Kd2 Qd5+ 26. Kc3 c5 27. Rcd1
Qe5+ 28. Kc2 Ba4+ 29. b3 Bc6 30. Qxf7 Be4+ 31. Kd2 Nc6 32. f4 Qd4+ 33. Ke2 Qc3
34. Rg3 Nd4+ 35. Kf1 Qc2 0-1